Diccionario jurídico / (Record no. 93157)

MARC details
000 -CABECERA
campo de control de longitud fija 00605nam a2200217 a 4500
005 - FECHA Y HORA DE LA ÚLTIMA TRANSACCIÓN
campo de control 20210223124800.0
008 - ELEMENTOS DE LONGITUD FIJA--INFORMACIÓN GENERAL
campo de control de longitud fija 021107s1990 mx r 000 0 spa d
020 ## - NÚMERO INTERNACIONAL NORMALIZADO PARA LIBROS
Número Internacional Estándar del Libro 8482724908
035 ## - NÚMERO DE CONTROL DEL SISTEMA
Número de control de sistema UPN01000120823
049 ## - COLECCIÓN
Colección C
050 #4 - SIGNATURA TOPOGRÁFICA DE LA BIBLIOTECA DEL CONGRESO
Número de clasificación K50
Número de documento/Ítem G8.28 1990
100 1# - ASIENTO PRINCIPAL--NOMBRE PERSONAL
Nombre de persona Guillien, Raymond
245 10 - MENCIÓN DE TÍTULO
Título Diccionario jurídico /
Mención de responsabilidad, etc. Raymond Guillien, Jean Vicent ; tr. Jorge Guerrero.
250 ## - MENCIÓN DE EDICIÓN
Mención de edición 2a ed. correg. y aum.
260 ## - PUBLICACIÓN, DISTRIBUCIÓN, ETC.
Lugar de publicación, distribución, etc. Bogotá :
Nombre del editor, distribuidor, etc. Temis,
Fecha de publicación, distribución, etc. 1990.
300 ## - DESCRIPCIÓN FÍSICA
Extensión 417 p.
650 #4 - ASIENTO SECUNDARIO DE MATERIA - TERMINO TEMATICO
Término de materia o nombre geográfico como elemento de entrada DERECHO -
Subdivisión de forma DICCIONARIOS
9 (RLIN) 16689
700 1# - ASIENTO SECUNDARIO--NOMBRE DE PERSONAL
Nombre de persona Vicent, Jean,
Término indicativo de función/relación coaut.
902 ## - ELEMENTOS DE DATOS B LOCAL, LDB (RLIN)
Creó MCM/cav
905 ## - TIPO DE MATERIAL
Tipo de material Libro
Holdings
Estado de retiro Estado de pérdida Fuente del sistema de clasificación o colocación Estado dañado No para préstamo Código de colección Localización permanente Ubicación/localización actual Ubicación en estantería Total de préstamos Clasificación Código de barras Fecha visto por última vez Número de copia Tipo de ítem Koha
    Library of Congress Classification   Consulta Consulta Bib. Gregorio Torres Quintero Bib. Gregorio Torres Quintero Sala de lectura Sótano   K50 G8.28 1990 199219 31/12/2020 1 Libro